| 000 | 00673nam a2200253 a 4500 | ||
|---|---|---|---|
| 008 | |||
| 020 | _a0340706317 (pbk.) | ||
| 049 | _aMAIN | ||
| 090 | _aRM845 DOB | ||
| 100 | 1 | _aDobbs, Jane | |
| 245 | 0 |
_aPractical Radiotherapy Planning / _bJane Dobbs |
|
| 260 |
_aLondon : _bArnold ; _cc1999. |
||
| 300 | _a3rd. ed. | ||
| 300 |
_avi, 394 p., 8p col plates : _bill. ; _c24 cm. |
||
| 500 | _aIncludes Index | ||
| 650 | 1 | _aRadiotherapy. | |
| 700 | _aAsh, Dan | ||
| 700 | _aBarrett, Anne, | ||
| 907 |
_a.b10198611 _b22-05-08 _c11-04-06 |
||
| 003 | |||
| 005 | 20230120203933.0 | ||
| 040 | _cNUST | ||
| 942 |
_cBOOKS _kRM845 DOB |
||
| 999 |
_c114199 _d114199 |
||